Medzinárodné vzťahy 2002 aktuálne problémy medzinárodných vzťahov

Uložené v:
Podrobná bibliografia
Hlavný autor: Grešš, Martin, 1978-
Médium: Kapitola
Jazyk:Slovak
Tagy: Pridať tag
Žiadne tagy, Buďte prvý, kto otaguje tento záznam!

MARC

LEADER 00000naa a2200000 4500
001 0129941
005 20240502072504.1
041 0 |a slo 
044 |a SK 
245 1 0 |a Medzinárodné vzťahy 2002  |b aktuálne problémy medzinárodných vzťahov  |c Martin Grešš 
100 1 |a Grešš, Martin, 1978-